00314nam a2200133Ia 4500008004100000041000800041082001600049100001600065245003200081260002700113300000800140365001600148700001600164230718s9999 xx 000 0 und d aeng a621.43bTHI aThipse S.S. aInternal Combustion Engines bJaico Publishing House a777 cRs.b395.00 aThipse S.S.